The rescuers : (Record no. 415)

MARC details
000 -LEADER
fixed length control field 01424cam a2200361 a 4500
001 - CONTROL NUMBER
control field 415
003 - CONTROL NUMBER IDENTIFIER
control field FISKH
005 - DATE AND TIME OF LATEST TRANSACTION
control field 20230410153816.0
008 - FIXED-LENGTH DATA ELEMENTS--GENERAL INFORMATION
fixed length control field 061130s2006 nyu 000 0 eng
010 ## - LIBRARY OF CONGRESS CONTROL NUMBER
LC control number 2006286880
020 ## - INTERNATIONAL STANDARD BOOK NUMBER
International Standard Book Number 0439854830 (pbk.)
040 ## - CATALOGING SOURCE
Original cataloging agency DLC
Transcribing agency DLC
Modifying agency DLC
-- FISKH
Language of cataloging eng
043 ## - GEOGRAPHIC AREA CODE
Geographic area code n-us---
050 00 - LIBRARY OF CONGRESS CALL NUMBER
Classification number CT107
Item number .Z86 2006
082 00 - DEWEY DECIMAL CLASSIFICATION NUMBER
Classification number 920.0730835
-- B
Edition number 22
100 1# - MAIN ENTRY--PERSONAL NAME
Personal name Zullo, Allan.
245 14 - TITLE STATEMENT
Title The rescuers :
Remainder of title kids who risked everything to save others /
Statement of responsibility, etc. Allan Zullo.
260 ## - PUBLICATION, DISTRIBUTION, ETC.
Place of publication, distribution, etc. New York :
Name of publisher, distributor, etc. Scholastic.
Date of publication, distribution, etc. 2006.
300 ## - PHYSICAL DESCRIPTION
Extent 135 pages. ;
Dimensions 20 cm.
490 0# - SERIES STATEMENT
Series statement Ten true tales
505 ## - FORMATTED CONTENTS NOTE
Formatted contents note O
520 ## - SUMMARY, ETC.
Summary, etc. In these stories of bravery and unselfishness from the "Ten True Tales" series, middle and high school kids show that they have the insight and determination to do the right thing to save lives.
521 8# - TARGET AUDIENCE NOTE
Target audience note 840 <br/>
Source Lexile
521 8# - TARGET AUDIENCE NOTE
Target audience note O <br/>
Source Raz-Plus
650 #0 - SUBJECT ADDED ENTRY--TOPICAL TERM
Topical term or geographic name entry element Heroes
Geographic subdivision United States
Form subdivision Juvenile literature.
650 #0 - SUBJECT ADDED ENTRY--TOPICAL TERM
Topical term or geographic name entry element Children
Geographic subdivision United States
Form subdivision Juvenile literature.
650 #0 - SUBJECT ADDED ENTRY--TOPICAL TERM
Topical term or geographic name entry element Lifesaving
Geographic subdivision United States
Form subdivision Juvenile literature.
650 #0 - SUBJECT ADDED ENTRY--TOPICAL TERM
Topical term or geographic name entry element Courage
General subdivision Juvenile literature.
856 41 - ELECTRONIC LOCATION AND ACCESS
Materials specified Table of contents only
Uniform Resource Identifier <a href="http://www.loc.gov/catdir/toc/fy0714/2006286880.html">http://www.loc.gov/catdir/toc/fy0714/2006286880.html</a>
906 ## - LOCAL DATA ELEMENT F, LDF (RLIN)
a 7
b cbc
c orignew
d 2
e ncip
f 20
g y-gencatlg
942 ## - ADDED ENTRY ELEMENTS (KOHA)
Source of classification or shelving scheme Dewey Decimal Classification
Koha item type Books
Suppress in OPAC No
Holdings
Withdrawn status Lost status Source of classification or shelving scheme Damaged status Not for loan Collection Home library Current library Shelving location Date acquired Total Checkouts Full call number Barcode Date last seen Price effective from Koha item type
    Dewey Decimal Classification     Non-Fiction Footprints International School Library Network Toul Kork Campus Footprints International School Library Network Toul Kork Campus A TK Campus, 4th Floor, Room B401, Non-Fiction Bookcases(7-8) 04/10/2023   ZUL 920.0730835 CT107.Z86 FISTK04967 10/02/2023 04/10/2023 Books